00513nam a2200145Ia 4500008004100000020002200041041000800063082002200071100002000093245004200113260003700155300000900192999001900201952014700220230519s9999 xx 000 0 und d a978-93-5465-453-4 aeng aEN/420/BAN/DB0943 aBandana9180188 aCommunicative English for BSc Nursing bJaypee BrothersaNew Delhic2022 a176p c159529d159529 001040708ENaBTINbBTINd2022-03-25g395.00i54l2oEN 420 BAN DB0943pBTIN-DB-943r2024-01-02 00:00:00s2023-12-30w2022-03-25yDBzDB0943